|
|
|
|
| LEADER |
01185nam a2200277 a 4500 |
| 001 |
11920928 |
| 008 |
090618s2001 ohua b 001 0 eng d |
| 010 |
|
|
|a 00026225
|
| 020 |
|
|
|a 0324022034 (hardcover)
|
| 020 |
|
|
|a 9812403663
|
| 040 |
|
|
|a DLC
|c DLC
|d DLC
|
| 082 |
0 |
0 |
|a 658.8
|2 21
|
| 100 |
1 |
|
|a Czinkota, Michael R.
|
| 245 |
1 |
0 |
|a Marketing management /
|c Michael R. Czinkota, Masaaki Kotabe.
|
| 250 |
|
|
|a 2nd ed.
|
| 260 |
|
|
|a Cincinnati :
|b South-Western College Pub.,
|c c2001.
|
| 300 |
|
|
|a xxv, 598 p. :
|b col. ill. ;
|c 28 cm.
|
| 504 |
|
|
|a Includes bibliographical references and indexes.
|
| 541 |
1 |
|
|e 00009177
|
| 650 |
|
0 |
|a Marketing
|x Management.
|
| 650 |
|
0 |
|a Marketing
|x Management
|v Case studies.
|
| 700 |
1 |
|
|a Kotabe, Masaaki.
|
| 852 |
4 |
|
|a Ayesha Abed Library
|j General Shelf.
|
| 999 |
|
|
|c 1772
|d 1772
|
| 952 |
|
|
|0 0
|1 0
|2 ddc
|4 0
|6 658_800000000000000_CZI
|7 0
|9 1623
|a BRACUL
|b BRACUL
|c GEN
|d 2009-06-29
|g 0.00
|l 2
|m 22
|o 658.8 CZI
|p 3010009177
|q 2022-12-31
|r 2020-02-23
|s 2020-02-23
|t 1
|w 2009-06-29
|y BK
|x No price found in the accession register.
|
| 952 |
|
|
|0 0
|1 0
|2 ddc
|4 0
|6 658_800000000000000_CZI
|7 0
|9 17395
|a BRACUL
|b BRACUL
|c GEN
|d 2011-07-09
|l 0
|o 658.8 CZI
|p 3010009178
|r 2019-04-03
|t 2
|w 2011-07-09
|y BK
|